00787nam a2200241Ia 4500001000600000003000900006008004100015040001300056040001300069041001300082100002800095100002900123245003000152245005200182250001100234260001200245260001200257260004900269300005300318500011400371650002900485650003100514 5292IT-RoPAU130308s9999 xx 000 0 und d aIT-RoPAU cIT-RoPAU aITALIANO aFelton Outcault Richard gCodice Aut. SPICS: 31361 aYellow Kid - Buster Brown bEnciclopedia dei Fumetti-05-I ragazzi Terribili a1a ed. aFIRENZE bSansoni c1970 [1° Ed.:1970 - Ed.Ling.Originale:1907] a"9 p. (prefazione: no ; testo: 9 [pagine: 0-0])" aVignette con Storia dei Due Peronaggi Yellow Kid e Buster Brown Introduzione con Note biografiche dell'Autore aENCICLOPEDIE DEL FUMETTO eCodice materia Spics: 6701